Opening Day Lineups: Toronto Blue Jays - Statistics

General Stats
  • This quiz has been taken 577 times
    164 since last reset
  • The average score is 29 of 75
Answer Stats
# Starts Answer % Correct
6 Bo Bichette
98%
6 Vladimir Guerrero Jr.
98%
4 Alejandro Kirk
94%
4 George Springer
91%
8 José Bautista
87%
3 José Berríos
83%
1 Ernie Clement
73%
4 Josh Donaldson
73%
1 Andrés Giménez
72%
2 Daulton Varsho
70%
7 Edwin Encarnación
69%
1 Anthony Santander
64%
4 Russell Martin
64%
5 Kevin Pillar
63%
4 Teoscar Hernández
63%
4 Danny Jansen
61%
1 Alek Manoah
60%
2 Justin Smoak
60%
2 Matt Chapman
59%
2 Troy Tulowitzki
57%
2 Marcus Stroman
55%
4 Cavan Biggio
54%
1 Marcus Semien
52%
3 Lourdes Gurriel Jr.
49%
2 Kevin Kiermaier
47%
2 Hyun-jin Ryu
42%
3 José Reyes
40%
1 Ryan Goins
40%
1 Alan Roden
39%
1 Vernon Wells
36%
1 Will Wagner
36%
2 Aaron Hill
35%
1 J.A. Happ
34%
1 Justin Turner
34%
1 Marco Estrada
34%
2 R.A. Dickey
34%
4 Adam Lind
33%
2 Brett Lawrie
32%
4 Randal Grichuk
32%
1 Brandon Belt
31%
3 Rowdy Tellez
30%
2 Kendrys Morales
28%
1 Michael Saunders
28%
1 Rajai Davis
28%
2 Ricky Romero
28%
1 Chris Colabello
27%
3 Devon Travis
27%
1 Isiah Kiner-Falefa
27%
1 Whit Merrifield
26%
2 Yunel Escobar
24%
3 Colby Rasmus
23%
1 Freddy Galvis
22%
3 J.P. Arencibia
22%
1 Lyle Overbay
21%
1 Alex González
20%
2 Dioner Navarro
20%
1 Drew Hutchison
20%
1 Kelly Johnson
19%
1 Dalton Pompey
17%
2 Travis Snider
17%
2 Melky Cabrera
16%
1 Steve Pearce
16%
1 Aledmys Díaz
15%
1 Curtis Granderson
14%
1 John Buck
14%
1 Travis Shaw
14%
1 Brandon Drury
13%
1 Josh Thole
13%
1 Ezequiel Carrera
12%
1 Shaun Marcum
12%
1 Emilio Bonifacio
11%
1 Eric Thames
11%
2 Maicer Izturis
11%
1 Derek Fisher
9%
1 Juan Rivera
8%
No matching quizzes found
Score Distribution
Percent of People with Each Score
Percentile by Number Answered
Your Score History
You have not taken this quiz since the last reset